| 000 | 01275atm a2200373 4500 | ||
|---|---|---|---|
| 005 | 20251010145409.0 | ||
| 008 | 150727b2000 xxu||||| |||| 00| 0 spa d | ||
| 020 | _a8480889179 | ||
| 041 | _aESP | ||
| 082 | _a658.45 G241c | ||
| 100 |
_aGarrido M., Francisco Javier _938348 |
||
| 245 | _aComunicación estratégica | ||
| 260 | _aEspaña | ||
| 260 | _bGestion 2000 | ||
| 260 | _c2004 | ||
| 300 | _a243 páginas | ||
| 490 | _aDirección y Administración de Empresas | ||
| 505 | _aParte I. Introducción general, Parte II. Comunicación y empresa, Parte III. Comunicación estratégica, Parte IV. Los para qué de la estrategia, Parte V. Anexos | ||
| 650 | _aCOMUNICACIÓN CÓMO TÉCNICA GERENCIAL | ||
| 650 | _aCOMUNICACIÓN EN LA EMPRESA | ||
| 650 | _aCOMUNICACIÓN APLICADA | ||
| 650 | _aCOMUNICACIÓN ESTRATÉGICA | ||
| 650 | _aGESTIÓN ESTRATÉGICA | ||
| 650 | _aAUDITORÍAS DE COMUNICACIÓN | ||
| 650 | _aINSTRUMENTOS DE COMUNICACIÓN | ||
| 650 | _aCULTURA CORPORATIVA | ||
| 650 | _aCONSTRUCIÓN COLECTIVA | ||
| 650 | _aESTRATEGIA DE COMUNICACIÓN Y ESTRATEGIA PUBLICITARIA | ||
| 650 | _aIMAGEN CORPORATIVA | ||
| 650 | _aIMAGEN DE LA EMPRESA | ||
| 650 | _aPERSPECTIVAS EN E-COMUNICACIÓN | ||
| 650 | _aLOBBY | ||
| 942 |
_cBK _2ddc |
||
| 999 |
_c6506 _d6506 |
||